[Event "Belgrade-chT Quality"]
[Site "Belgrade"]
[Date "2021.10.29"]
[Round "5.3"]
[White "Becelic, Dejan"]
[Black "Mustajbasic, Dino"]
[Result "1/2-1/2"]
[WhiteElo "2055"]
[BlackElo "2008"]
[PlyCount "45"]
[EventDate "2021.10.16"]
[EventType "team-tourn"]
[EventRounds "11"]
[EventCountry "SRB"]
[SourceTitle "EXT 2023"]
[Source "ChessBase"]
[SourceDate "2022.10.05"]
[SourceVersion "1"]
[SourceVersionDate "2022.10.05"]
[SourceQuality "1"]
[WhiteTeam "Belgrade Bask"]
[BlackTeam "Belgrade Obrenovac"]
[WhiteTeamCountry "SRB"]
[BlackTeamCountry "SRB"]

1. c4 e5 2. Nc3 Bb4 3. Nd5 Bc5 4. e3 c6 5. Nc3 d5 6. d4 exd4 7. exd4 Bb4 8. Qb3 Bxc3+ 9. bxc3 Ne7 10. Nf3 0-0 11. Be2 dxc4 12. Bxc4 b5 13. Be2 Be6 14. Qb2 Nd7 15. 0-0 Nb6 16. Re1 Ng6 17. Qc2 Bc4 18. Bd2 Re8 19. Bd3 Bxd3 20. Qxd3 Qd5 21. Qc2 Nc4 22. a4 a6 23. axb5 1/2-1/2

[Event "Belgrade-chT Quality"]
[Site "Belgrade"]
[Date "2019.10.30"]
[Round "10.2"]
[White "Spiric, Igor"]
[Black "Becelic, Dejan"]
[Result "1/2-1/2"]
[WhiteElo "2264"]
[BlackElo "2014"]
[PlyCount "66"]
[EventDate "2019.10.05"]
[EventType "team-tourn"]
[EventRounds "11"]
[EventCountry "SRB"]
[SourceTitle "EXT 2022"]
[Source "ChessBase"]
[SourceDate "2021.10.06"]
[SourceVersion "1"]
[SourceVersionDate "2021.10.06"]
[SourceQuality "1"]
[WhiteTeam "Belgrade Politika"]
[BlackTeam "BASK"]
[WhiteTeamCountry "SRB"]
[BlackTeamCountry "SRB"]

1. Nf3 g6 2. Nc3 d5 3. e4 dxe4 4. Nxe4 Bg7 5. Bc4 Nf6 6. Qe2 Nxe4 7. Qxe4 0-0 8. d3 Nc6 9. a3 Bf5 10. Qh4 Nd4 11. Nxd4 Qxd4 12. Qxd4 Bxd4 13. 0-0 Bf6 14. Re1 Rfd8 15. Bf4 Rac8 16. Be5 Kg7 17. Re3 Bxe5 18. Rxe5 Rd7 19. Rae1 Kf8 20. f3 h5 21. g3 c6 22. b4 Rcc7 23. Kg2 Rd6 24. h3 Bc8 25. g4 f6 26. R5e2 hxg4 27. hxg4 g5 28. Rh1 Kg7 29. Kg3 f5 30. Reh2 f4+ 31. Kf2 Rg6 32. Rh7+ Kf6 33. a4 Be6 1/2-1/2

[Event "Belgrade-chT Quality"]
[Site "Belgrade"]
[Date "2019.10.27"]
[Round "8.2"]
[White "Mijatovic, Dusan"]
[Black "Becelic, Dejan"]
[Result "1-0"]
[WhiteElo "2157"]
[BlackElo "2014"]
[PlyCount "44"]
[EventDate "2019.10.05"]
[EventType "team-tourn"]
[EventRounds "11"]
[EventCountry "SRB"]
[SourceTitle "EXT 2022"]
[Source "ChessBase"]
[SourceDate "2021.10.06"]
[SourceVersion "1"]
[SourceVersionDate "2021.10.06"]
[SourceQuality "1"]
[WhiteTeam "Bogoslov"]
[BlackTeam "BASK"]
[WhiteTeamCountry "SRB"]
[BlackTeamCountry "SRB"]

1. e4 c6 2. d4 d5 3. e5 Bf5 4. Nd2 e6 5. Nb3 Nd7 6. Nf3 h6 7. Be2 Ne7 8. 0-0 Bh7 9. Bd2 Nf5 10. Rc1 Be7 11. c4 dxc4 12. Na5 Rb8 13. Nxc4 0-0 14. g4 Nh4 15. Nxh4 Bxh4 16. f4 Be4 17. Nd6 Bd5 18. Bd3 Qb6 19. Nc4 Qd8 20. Ne3 Re8 21. Nxd5 cxd5 22. Rc2 Qb6 1-0

[Event "Belgrade-chT Quality"]
[Site "Belgrade"]
[Date "2019.10.13"]
[Round "4.2"]
[White "Ristic, Luka"]
[Black "Becelic, Dejan"]
[Result "0-1"]
[WhiteElo "2082"]
[BlackElo "2014"]
[PlyCount "124"]
[EventDate "2019.10.05"]
[EventType "team-tourn"]
[EventRounds "11"]
[EventCountry "SRB"]
[SourceTitle "EXT 2022"]
[Source "ChessBase"]
[SourceDate "2021.10.06"]
[SourceVersion "1"]
[SourceVersionDate "2021.10.06"]
[SourceQuality "1"]
[WhiteTeam "Polet"]
[BlackTeam "BASK"]
[WhiteTeamCountry "SRB"]
[BlackTeamCountry "SRB"]

1. e4 c6 2. d4 d5 3. exd5 cxd5 4. Bf4 Nc6 5. c3 Bf5 6. Qb3 Qd7 7. Nf3 e6 8. Nbd2 h6 9. Be2 a6 10. 0-0 Nf6 11. Rad1 Be7 12. Rfe1 0-0 13. Ne5 Nxe5 14. dxe5 Ne4 15. Nxe4 Bxe4 16. Bxa6 Qc7 17. Bb5 Bc5 18. Bd3 Bxd3 19. Rxd3 f6 20. Rf3 Qc6 21. Bg3 f5 22. h4 Ra4 23. Rf4 Rfa8 24. a3 g5 25. hxg5 hxg5 26. Rxa4 Rxa4 27. Qd1 Rg4 28. Qd3 Qe8 29. b4 Ba7 30. Qf3 Rc4 31. Rd1 g4 32. Qe2 Re4 33. Qd2 Qh5 34. Re1 Rxe1+ 35. Qxe1 Qg5 36. Qe2 Qc1+ 37. Kh2 Qh6+ 38. Kg1 Qc1+ 39. Kh2 Qxc3 40. Qb5 Qc6 41. Qxc6 bxc6 42. a4 Kf7 43. a5 Bd4 44. Kg1 Ke8 45. Bf4 Kd7 46. Kf1 Bc3 47. a6 Kc8 48. b5 cxb5 49. Ke2 Kb8 50. Kd3 Ba1 51. Be3 Bxe5 52. Bc5 Ka8 53. f3 gxf3 54. gxf3 Bb8 55. Kc3 e5 56. Kb4 e4 57. fxe4 dxe4 58. Kxb5 f4 59. Kc4 Ba7 60. Bd6 f3 61. Bg3 f2 62. Bxf2 Bxf2 0-1

[Event "Belgrade Trophy 31st"]
[Site "Belgrade"]
[Date "2017.12.01"]
[Round "8"]
[White "Becelic, Dejan"]
[Black "Bojanic, Denis"]
[Result "0-1"]
[WhiteElo "2169"]
[BlackElo "1989"]
[PlyCount "74"]
[EventDate "2017.11.24"]
[EventType "swiss"]
[EventRounds "9"]
[EventCountry "SRB"]
[SourceTitle "CBM 181 Extra"]
[Source "ChessBase"]
[SourceDate "2017.12.12"]
[SourceVersion "1"]
[SourceVersionDate "2017.12.12"]
[SourceQuality "1"]

1. c4 c6 2. Nf3 d5 3. e3 Nf6 4. Nc3 e6 5. Qc2 Bd6 6. b3 0-0 7. Bb2 Nbd7 8. Rc1 b6 9. cxd5 exd5 10. Ne2 c5 11. Ng3 Re8 12. Bb5 a6 13. Bc6 Ra7 14. Nf5 Re6 15. Nxg7 Kxg7 16. Bxd5 Re7 17. Qf5 Re8 18. Qg5+ Kf8 19. Qh6+ Ke7 20. Nh4 Ne5 21. f4 Nd3+ 22. Ke2 Nxc1+ 23. Rxc1 Nxd5 24. Nf3 Kd7 25. Be5 Kc7 26. d4 Bxe5 27. Nxe5 Qd6 28. Qxh7 Kb8 29. dxc5 bxc5 30. Kf2 Nxf4 31. exf4 Qd2+ 32. Kg3 Qe3+ 33. Nf3 Qxc1 34. Qh6 Rae7 35. Qb6+ Bb7 36. h4 Qc3 37. h5 Re6 0-1

[Event "Belgrade Trophy 31st"]
[Site "Belgrade"]
[Date "2017.11.26"]
[Round "3"]
[White "Hart, Alexander E"]
[Black "Becelic, Dejan"]
[Result "1-0"]
[WhiteElo "1922"]
[BlackElo "2169"]
[PlyCount "121"]
[EventDate "2017.11.24"]
[EventType "swiss"]
[EventRounds "9"]
[EventCountry "SRB"]
[SourceTitle "CBM 181 Extra"]
[Source "ChessBase"]
[SourceDate "2017.12.12"]
[SourceVersion "1"]
[SourceVersionDate "2017.12.12"]
[SourceQuality "1"]

1. d4 c5 2. d5 f5 3. c4 Nf6 4. Nc3 d6 5. f3 g6 6. e4 Bg7 7. Bd3 0-0 8. exf5 gxf5 9. Nh3 e5 10. dxe6 Bxe6 11. Nf4 Bf7 12. 0-0 Nc6 13. Bxf5 Nd4 14. Bd3 Qd7 15. Be3 Nc6 16. Nfd5 Rae8 17. Nxf6+ Bxf6 18. Bxc5 Kh8 19. Bf2 Rg8 20. Kh1 Bh5 21. Ne4 Qg7 22. Rg1 Be5 23. Ng3 Qg5 24. Re1 Ref8 25. Rxe5 Nxe5 26. Be4 Bg6 27. Bd5 Rg7 28. Qd4 b6 29. Be3 Qf6 30. Bh6 Nd3 31. Bxg7+ Kxg7 32. Qxd3 Bxd3 33. Nh5+ Kg6 34. Nxf6 Kxf6 35. Re1 Rc8 36. b3 b5 37. Re6+ Kg5 38. Rxd6 bxc4 39. Bxc4 Bxc4 40. bxc4 Rxc4 41. h3 Ra4 42. Rd2 Kf4 43. Kh2 Ke3 44. Rb2 h5 45. g4 Kxf3 46. gxh5 Ra6 47. Rg2 Kf4 48. a4 Rh6 49. Rg4+ Kf5 50. Rc4 Rxh5 51. Rc5+ Kg6 52. Rxh5 Kxh5 53. a5 a6 54. Kg3 Kg5 55. Kf3 Kh4 56. Ke4 Kxh3 57. Kd5 Kg4 58. Kc6 Kf5 59. Kb6 Ke6 60. Kxa6 Kd7 61. Kb7 1-0

[Event "Belgrade-chT"]
[Site "Belgrade"]
[Date "2017.11.02"]
[Round "11.1"]
[White "Becelic, Dejan"]
[Black "Tosic, Srecko"]
[Result "0-1"]
[WhiteElo "2169"]
[BlackElo "2303"]
[PlyCount "76"]
[EventDate "2017.10.01"]
[EventType "team-tourn"]
[EventRounds "11"]
[EventCountry "SRB"]
[SourceTitle "CBM 181 Extra"]
[Source "ChessBase"]
[SourceDate "2017.12.12"]
[SourceVersion "1"]
[SourceVersionDate "2017.12.12"]
[SourceQuality "1"]
[WhiteTeam "BASK"]
[BlackTeam "Bogoslov"]
[WhiteTeamCountry "SRB"]
[BlackTeamCountry "SRB"]

1. c4 e5 2. g3 Nc6 3. Nf3 f5 4. d4 e4 5. Ne5 Qf6 6. Nc3 Bb4 7. Bf4 Nge7 8. Qd2 Na5 9. Rd1 d6 10. Bg5 Bxc3 11. bxc3 Qe6 12. Qb2 c6 13. Qa3 b6 14. e3 dxe5 15. d5 Qf7 16. Qd6 c5 17. Qxe5 h6 18. Bh4 Kd7 19. Bh3 Nxc4 20. Qxe4 Nd6 21. Qa4+ b5 22. Qc2 g5 23. a4 a6 24. e4 Qf6 25. f4 gxh4 26. e5 Qg6 27. exd6 Qxd6 28. Bxf5+ Nxf5 29. Qxf5+ Kc7 30. Qf7+ Bd7 31. Kf2 bxa4 32. Rhe1 Raf8 33. Qh5 hxg3+ 34. hxg3 Rhg8 35. Re5 Bg4 36. Qh1 Bxd1 37. Qxd1 Qxe5 38. Qxa4 Qxd5 0-1

[Event "Belgrade-chT"]
[Site "Belgrade"]
[Date "2017.10.29"]
[Round "9.1"]
[White "Becelic, Dejan"]
[Black "Vulinovic, Radivoje"]
[Result "0-1"]
[WhiteElo "2169"]
[BlackElo "2198"]
[PlyCount "43"]
[EventDate "2017.10.01"]
[EventType "team-tourn"]
[EventRounds "11"]
[EventCountry "SRB"]
[SourceTitle "CBM 181 Extra"]
[Source "ChessBase"]
[SourceDate "2017.12.12"]
[SourceVersion "1"]
[SourceVersionDate "2017.12.12"]
[SourceQuality "1"]
[WhiteTeam "BASK"]
[BlackTeam "Belgrade EDB"]
[WhiteTeamCountry "SRB"]
[BlackTeamCountry "SRB"]

1. c4 e6 2. Nf3 d5 3. g3 Be7 4. Bg2 Nf6 5. 0-0 0-0 6. b3 b6 7. Bb2 Bb7 8. e3 c5 9. Qe2 Qc8 10. d3 Rd8 11. Nbd2 Nc6 12. Rad1 Qc7 13. h3 a6 14. a3 b5 15. cxd5 exd5 16. Rc1 Qd6 17. Rc2 Re8 18. Rfc1 d4 19. e4 Bf8 20. g4 Rad8 21. Nh4 Nd5 22. Qf3 0-1

[Event "Belgrade-chT"]
[Site "Belgrade"]
[Date "2017.10.15"]
[Round "5.2"]
[White "Becelic, Dejan"]
[Black "Injac, Teodora"]
[Result "0-1"]
[WhiteElo "2169"]
[BlackElo "2244"]
[PlyCount "79"]
[EventDate "2017.10.01"]
[EventType "team-tourn"]
[EventRounds "11"]
[EventCountry "SRB"]
[SourceTitle "CBM 181 Extra"]
[Source "ChessBase"]
[SourceDate "2017.12.12"]
[SourceVersion "1"]
[SourceVersionDate "2017.12.12"]
[SourceQuality "1"]
[WhiteTeam "BASK"]
[BlackTeam "Vreoci Turbina"]
[WhiteTeamCountry "SRB"]
[BlackTeamCountry "SRB"]

1. d4 Nf6 2. Nf3 g6 3. g3 Bg7 4. Bg2 0-0 5. 0-0 d6 6. b3 Nbd7 7. Bb2 Re8 8. c4 c6 9. Qc2 e5 10. dxe5 dxe5 11. Rd1 e4 12. Ne5 Qe7 13. Nxd7 Bxd7 14. Nc3 Bf5 15. Qc1 Rad8 16. Rxd8 Rxd8 17. Qe1 h5 18. Rd1 Re8 19. Bc1 h4 20. Bg5 hxg3 21. hxg3 Qe6 22. Na4 b6 23. Qd2 Ng4 24. Qd6 Qxd6 25. Rxd6 c5 26. Rd1 Bd4 27. e3 Bg7 28. Bf4 Bf6 29. Bc7 Rc8 30. Bxb6 axb6 31. Nxb6 Rb8 32. Nd7 Ra8 33. Nxc5 Rxa2 34. Rf1 Rb2 35. Bxe4 Bxe4 36. Nxe4 Be7 37. Rd1 f5 38. Rd7 Bf8 39. Nd6 Ne5 40. Z0 0-1

[Event "Belgrade-chT"]
[Site "Belgrade"]
[Date "2017.10.07"]
[Round "2.2"]
[White "Dikic, Veljko"]
[Black "Becelic, Dejan"]
[Result "1-0"]
[WhiteElo "2111"]
[BlackElo "2169"]
[PlyCount "105"]
[EventDate "2017.10.01"]
[EventType "team-tourn"]
[EventRounds "11"]
[EventCountry "SRB"]
[SourceTitle "CBM 181 Extra"]
[Source "ChessBase"]
[SourceDate "2017.12.12"]
[SourceVersion "1"]
[SourceVersionDate "2017.12.12"]
[SourceQuality "1"]
[WhiteTeam "Belgrade CC"]
[BlackTeam "BASK"]
[WhiteTeamCountry "SRB"]
[BlackTeamCountry "SRB"]

1. e4 c6 2. d4 d5 3. e5 Bf5 4. Nf3 e6 5. Be3 Ne7 6. Be2 Nd7 7. 0-0 h6 8. Nbd2 Qc7 9. c4 g5 10. Rc1 Bg7 11. b4 0-0 12. b5 f6 13. bxc6 bxc6 14. exf6 Bxf6 15. cxd5 exd5 16. Qa4 Qd6 17. Nb3 Rf7 18. Bd2 g4 19. Ne1 Bg5 20. f4 gxf3 21. Nxf3 Rg7 22. Nxg5 hxg5 23. Bb4 Qg6 24. Bxe7 Rxe7 25. Qxc6 Nb6 26. Qxg6+ Bxg6 27. Bf3 Rd8 28. Rfe1 Kf7 29. Rxe7+ Kxe7 30. Re1+ Kf6 31. Nc5 Bf7 32. Kf2 Rh8 33. h3 Rb8 34. Rb1 Re8 35. a4 Re7 36. a5 Nc4 37. a6 Nd2 38. Rb7 Nc4 39. Nd7+ Ke6 40. Nf8+ Kd6 41. Rxe7 Kxe7 42. Nh7 Bg8 43. Nxg5 Kf6 44. h4 Nd6 45. g4 Nb5 46. Ke3 Nc7 47. Be2 Ne8 48. Kf4 Nd6 49. h5 Nc4 50. h6 Kg6 51. h7 Bxh7 52. Bd3+ Kh6 53. Nxh7 1-0

[Event "Belgrade Jezero op"]
[Site "Belgrade"]
[Date "2017.08.11"]
[Round "7"]
[White "Becelic, Dejan"]
[Black "Nestorovic, Dejan"]
[Result "1-0"]
[WhiteElo "2135"]
[BlackElo "2371"]
[PlyCount "73"]
[EventDate "2017.08.05"]
[EventType "swiss"]
[EventRounds "9"]
[EventCountry "SRB"]
[SourceTitle "CBM 180 Extra"]
[Source "ChessBase"]
[SourceDate "2017.10.06"]
[SourceVersion "1"]
[SourceVersionDate "2017.10.06"]
[SourceQuality "1"]

1. c4 e5 2. g3 Nf6 3. Bg2 d5 4. cxd5 Nxd5 5. Nf3 Nc6 6. 0-0 Nb6 7. b3 g6 8. Nc3 a5 9. d4 Nxd4 10. Nxe5 Bg7 11. f4 0-0 12. Be3 c5 13. Rc1 Bf5 14. Bxb7 Ra7 15. Bg2 Bxe5 16. fxe5 Rd7 17. Qe1 Qe7 18. Bh6 Re8 19. e4 Be6 20. Qe3 a4 21. Bg5 Qf8 22. bxa4 Bc4 23. Rf6 Ne6 24. Bf1 Bxf1 25. Rcxf1 Nc4 26. Qc1 Nxg5 27. Qxg5 Rxe5 28. Qf4 Qe8 29. Ra6 Qc8 30. Rf6 Qe8 31. a5 Nxa5 32. Ra6 Nc4 33. Nd5 Rdxd5 34. exd5 Ne3 35. Re1 Re4 36. Ra8 Qxa8 37. Qxe4 1-0

[Event "Belgrade Trophy 30th"]
[Site "Belgrade"]
[Date "2016.11.27"]
[Round "4"]
[White "Brkljaca, Ante"]
[Black "Becelic, Dejan"]
[Result "1/2-1/2"]
[WhiteElo "2289"]
[BlackElo "2101"]
[PlyCount "39"]
[EventDate "2016.11.24"]
[EventType "swiss"]
[EventRounds "9"]
[EventCountry "SRB"]
[SourceTitle "CBM 175 Extra"]
[Source "ChessBase"]
[SourceDate "2016.12.12"]
[SourceVersion "1"]
[SourceVersionDate "2016.12.12"]
[SourceQuality "1"]

1. d4 g6 2. Nf3 Bg7 3. e4 c6 4. Nc3 d5 5. h3 Nf6 6. e5 Ne4 7. Bd3 Nxc3 8. bxc3 c5 9. 0-0 c4 10. Be2 0-0 11. Nh2 Nc6 12. Bg4 f5 13. exf6 exf6 14. Re1 Re8 15. Rxe8+ Qxe8 16. Bf3 Be6 17. a4 Qd7 18. Be3 Ne7 19. g4 Rf8 20. Qb1 1/2-1/2

[Event "Belgrade-chT Quality"]
[Site "Belgrade"]
[Date "2016.10.27"]
[Round "11.3"]
[White "Becelic, Dejan"]
[Black "Rajkovic, Mladen"]
[Result "0-1"]
[WhiteElo "2073"]
[BlackElo "2275"]
[PlyCount "92"]
[EventDate "2016.10.01"]
[EventType "team-tourn"]
[EventRounds "11"]
[EventCountry "SRB"]
[SourceTitle "EXT 2018"]
[Source "ChessBase"]
[SourceDate "2017.10.13"]
[SourceVersion "1"]
[SourceVersionDate "2017.10.13"]
[SourceQuality "1"]

1. Nf3 Nf6 2. c4 g6 3. g3 Bg7 4. Bg2 d5 5. cxd5 Nxd5 6. d4 Nb6 7. 0-0 Nc6 8. e3 0-0 9. Nc3 Re8 10. b3 e5 11. dxe5 Nxe5 12. Nxe5 Bxe5 13. Bb2 c6 14. Qxd8 Rxd8 15. Rfd1 Bg4 16. f3 Be6 17. e4 c5 18. Na4 Bxb2 19. Nxb2 c4 20. Nxc4 Nxc4 21. bxc4 Bxc4 22. a3 Be2 23. Rdb1 b6 24. Rb2 Bd1 25. Rc1 Rd7 26. Bh3 Rd4 27. f4 Rad8 28. Rc7 Ra4 29. e5 Rxa3 30. e6 fxe6 31. Bxe6+ Kh8 32. Bd7 Bf3 33. Kf2 Bd5 34. Rb5 Ra2+ 35. Ke3 Bc4 36. Re5 b5 37. h4 b4 38. h5 b3 39. Rxc4 Rxd7 40. h6 Kg8 41. Rb4 b2 42. Reb5 Ra3+ 43. Kf2 Rd2+ 44. Ke1 Rh2 45. Rb8+ Kf7 46. R8b7+ Ke6 0-1

[Event "Belgrade-chT Quality"]
[Site "Belgrade"]
[Date "2016.10.24"]
[Round "8.3"]
[White "Becelic, Dejan"]
[Black "Kuzmanovic, Aleksa"]
[Result "1/2-1/2"]
[WhiteElo "2073"]
[BlackElo "2022"]
[PlyCount "88"]
[EventDate "2016.10.01"]
[EventType "team-tourn"]
[EventRounds "11"]
[EventCountry "SRB"]
[SourceTitle "EXT 2018"]
[Source "ChessBase"]
[SourceDate "2017.10.13"]
[SourceVersion "1"]
[SourceVersionDate "2017.10.13"]
[SourceQuality "1"]

1. d4 Nf6 2. c4 g6 3. f3 e5 4. dxe5 Nh5 5. g3 Nc6 6. f4 d6 7. exd6 Bxd6 8. Nf3 Qe7 9. Nc3 Bg4 10. Bg2 0-0-0 11. Qa4 Bb4 12. 0-0 Bc5+ 13. Kh1 Ng7 14. Ne5 Nxe5 15. fxe5 Bd7 16. Qb3 c6 17. Ne4 Ne6 18. Be3 h5 19. Bxc5 Nxc5 20. Qa3 b6 21. Nd6+ Kb8 22. Nxf7 h4 23. Nxh8 Rxh8 24. e6 Qxe6 25. gxh4 Kb7 26. b4 Ne4 27. Rf4 Nd6 28. Qc3 Rh5 29. Rd1 Re5 30. Qd4 Kc7 31. Rd2 Rxe2 32. Rxe2 Qxe2 33. Qf2 Qe5 34. Rd4 Bf5 35. c5 bxc5 36. bxc5 Qxc5 37. Qd2 Qe5 38. h3 Ne4 39. Bxe4 Bxe4+ 40. Kg1 Qg3+ 41. Kf1 Qxh3+ 42. Ke1 Qh1+ 43. Ke2 Qf3+ 44. Ke1 Qh1+ 1/2-1/2

[Event "Belgrade-chT Quality"]
[Site "Belgrade"]
[Date "2016.10.01"]
[Round "1.5"]
[White "Becelic, Dejan"]
[Black "Podinic, Bojan"]
[Result "0-1"]
[WhiteElo "2073"]
[BlackElo "2238"]
[PlyCount "66"]
[EventDate "2016.10.01"]
[EventType "team-tourn"]
[EventRounds "11"]
[EventCountry "SRB"]
[SourceTitle "EXT 2018"]
[Source "ChessBase"]
[SourceDate "2017.10.13"]
[SourceVersion "1"]
[SourceVersionDate "2017.10.13"]
[SourceQuality "1"]

1. Nf3 Nf6 2. c4 e6 3. g3 d5 4. Bg2 Be7 5. 0-0 0-0 6. b3 c5 7. Bb2 Nc6 8. e3 dxc4 9. bxc4 Qd3 10. Qb3 Rd8 11. Rc1 Ng4 12. h3 Bf6 13. Bxf6 Nxf6 14. Qxd3 Rxd3 15. Kf1 e5 16. Ke2 Rd6 17. d3 e4 18. dxe4 Nxe4 19. Nh4 Nf6 20. Nc3 Be6 21. Nb5 Rd7 22. Nf3 Rad8 23. Ng5 Bf5 24. g4 Bd3+ 25. Ke1 Nb4 26. Na3 h6 27. Nf3 Rd6 28. Ne5 Ra6 29. Rc3 Rxa3 30. Rxa3 Nc2+ 31. Kd2 Bh7+ 32. Kc3 Nxa3 33. Rc1 Nb1+ 0-1

[Event "SRB-ch sf"]
[Site "Belgrade"]
[Date "2016.03.28"]
[Round "8"]
[White "Becelic, Dejan"]
[Black "Popovic, Aleksandar M"]
[Result "1-0"]
[WhiteElo "2088"]
[BlackElo "2266"]
[PlyCount "20"]
[EventDate "2016.03.21"]
[EventType "swiss"]
[EventRounds "9"]
[EventCountry "SRB"]
[SourceTitle "CBM 171 Extra"]
[Source "ChessBase"]
[SourceDate "2016.04.26"]
[SourceVersion "1"]
[SourceVersionDate "2016.04.26"]
[SourceQuality "1"]

1. c4 Nf6 2. d4 g6 3. f3 Bg7 4. e4 c5 5. d5 d6 6. Ne2 0-0 7. Nec3 e6 8. Be2 exd5 9. cxd5 Nh5 10. Be3 Qh4+ 1-0